<?xml version="1.0" encoding="UTF-8"?>
<collection xmlns="http://www.loc.gov/MARC21/slim">
  <record>
    <leader>00000nam  2200000   4500</leader>
    <controlfield tag="001">INLIS000000000059544</controlfield>
    <controlfield tag="005">20211116102713</controlfield>
    <datafield tag="035" ind1="#" ind2="#">
      <subfield code="a">0010-1121000281</subfield>
    </datafield>
    <controlfield tag="007">ta</controlfield>
    <controlfield tag="008">211116###########################0#ind##</controlfield>
    <datafield tag="020" ind1="#" ind2="#">
      <subfield code="a">978-979-19728-0-2</subfield>
    </datafield>
    <datafield tag="082" ind1="#" ind2="#">
      <subfield code="a">796.335 98</subfield>
    </datafield>
    <datafield tag="084" ind1="#" ind2="#">
      <subfield code="a">796.335 98 Muh s</subfield>
    </datafield>
    <datafield tag="245" ind1="1" ind2="#">
      <subfield code="a">Sepak Bola Indonesia :</subfield>
      <subfield code="b">Bermain dalam aturan /</subfield>
      <subfield code="c">Muhammad Zein, SH.MA</subfield>
    </datafield>
    <datafield tag="300" ind1="#" ind2="#">
      <subfield code="a">151 halaman :</subfield>
      <subfield code="b">ilustrasi ;</subfield>
      <subfield code="c">20 cm</subfield>
    </datafield>
    <datafield tag="650" ind1="#" ind2="4">
      <subfield code="a">Sepak Bola - Indonesia</subfield>
    </datafield>
    <datafield tag="264" ind1="#" ind2="#">
      <subfield code="a">Jakarta :</subfield>
      <subfield code="b">PSSI,</subfield>
      <subfield code="c">2009</subfield>
    </datafield>
    <datafield tag="336" ind1="#" ind2="#">
      <subfield code="a">teks</subfield>
      <subfield code="2">rdacontent</subfield>
    </datafield>
    <datafield tag="337" ind1="#" ind2="#">
      <subfield code="a">lain-lain</subfield>
      <subfield code="2">rdamedia</subfield>
    </datafield>
    <datafield tag="338" ind1="#" ind2="#">
      <subfield code="a">lain-lain</subfield>
      <subfield code="2">rdacarrier</subfield>
    </datafield>
    <datafield tag="990" ind1="#" ind2="#">
      <subfield code="a">30183018</subfield>
    </datafield>
  </record>
</collection>
